00592nam a22002055a 450000500170000000800410001701000130005802000260007103500130009703700150011004000180012508200060014310000200014924500470016926000310021627000770024730000300032449000190035465000130037320090907155643.0061030s2007 nyu 000 0 eng  aB-357104 a9788189975609c110.00 aB-357104 bDBAD / PUB adplbEnglish  aS aBeechwood, Beth aCrush-tastic! /cadapted by Beth Beechwood aNew Delhi bWestlandc2008 aF-5 Okhla Industrial Area, Phase-I, Mezzaine Floor, bNew Delhi e110020 a126p.:bill. c20cm(pbk)  aHannah montana aFiction